[Event "Oskarja Memorial 10th"]
[Site "Chess.com INT"]
[Date "2021.01.16"]
[Round "8"]
[White "Golubovic, Boris"]
[Black "Vukmirovic, Dusan"]
[Result "1-0"]
[WhiteElo "2338"]
[BlackElo "2107"]
[PlyCount "49"]
[EventDate "2021.01.16"]
[EventType "swiss (blitz)"]
[EventRounds "15"]
[EventCountry "SLO"]
[SourceTitle "CBM 200 Extra"]
[Source "ChessBase"]
[SourceDate "2021.03.31"]
[SourceVersion "1"]
[SourceVersionDate "2021.03.31"]
[SourceQuality "1"]

1. e4 c5 2. Nc3 Nc6 3. f4 e6 4. Nf3 d5 5. Bb5 dxe4 6. Bxc6+ bxc6 7. Nxe4 Ba6 8. d3 c4 9. d4 Qd5 10. Nc3 Bb4 11. 0-0 Qd7 12. Ne5 Qc7 13. f5 exf5 14. Rxf5 Nf6 15. Bg5 Be7 16. Qf3 Bb7 17. Bxf6 Bxf6 18. Rxf6 gxf6 19. Qxf6 0-0 20. Ng4 Rfe8 21. Rf1 Re6 22. Nh6+ Kf8 23. Qh8+ Ke7 24. Rxf7+ Kd6 25. Nf5# 1-0

[Event "Oskarja Memorial 10th"]
[Site "Chess.com INT"]
[Date "2021.01.16"]
[Round "2"]
[White "Haidinger, Erik"]
[Black "Vukmirovic, Dusan"]
[Result "0-1"]
[WhiteElo "1772"]
[BlackElo "2107"]
[PlyCount "64"]
[EventDate "2021.01.16"]
[EventType "swiss (blitz)"]
[EventRounds "15"]
[EventCountry "SLO"]
[SourceTitle "CBM 200 Extra"]
[Source "ChessBase"]
[SourceDate "2021.03.31"]
[SourceVersion "1"]
[SourceVersionDate "2021.03.31"]
[SourceQuality "1"]

1. d4 d5 2. Bf4 c6 3. e3 e6 4. Nf3 Bd6 5. Bg3 Bxg3 6. hxg3 Nd7 7. Ne5 Nxe5 8. dxe5 Qc7 9. f4 Qb6 10. Qc1 Nh6 11. Bd3 Ng4 12. Ke2 c5 13. Rh4 h5 14. c3 c4 15. Bc2 Qc6 16. Qh1 Qb6 17. Ba4+ Bd7 18. Bxd7+ Kxd7 19. Qc1 g6 20. Na3 Qc6 21. Qd2 Rad8 22. Nc2 Nh6 23. Nd4 Qb6 24. a4 Kc8 25. a5 Qc5 26. b4 cxb3 27. Nxb3 Qb5+ 28. Qd3 Qxb3 29. Rb1 Qa2+ 30. Kf3 Qc4 31. Qd2 Qe4+ 32. Kf2 Qxb1 0-1

[Event "Oskarja Memorial 10th"]
[Site "Chess.com INT"]
[Date "2021.01.16"]
[Round "3"]
[White "Pretnar, Bostjan"]
[Black "Vukmirovic, Dusan"]
[Result "1/2-1/2"]
[WhiteElo "1794"]
[BlackElo "2107"]
[PlyCount "119"]
[EventDate "2021.01.16"]
[EventType "swiss (blitz)"]
[EventRounds "15"]
[EventCountry "SLO"]
[SourceTitle "CBM 200 Extra"]
[Source "ChessBase"]
[SourceDate "2021.03.31"]
[SourceVersion "1"]
[SourceVersionDate "2021.03.31"]
[SourceQuality "1"]

1. d4 d5 2. Bf4 e6 3. e3 Bd6 4. Bg3 Nf6 5. c4 Bxg3 6. hxg3 c6 7. Nc3 h6 8. Qc2 Nbd7 9. Nf3 b6 10. Bd3 Bb7 11. Ne5 Nxe5 12. dxe5 Nd7 13. f4 Nc5 14. 0-0-0 Nxd3+ 15. Qxd3 Qe7 16. Kb1 0-0-0 17. cxd5 exd5 18. e4 dxe4 19. Qxe4 Kb8 20. Qe2 Qe6 21. Ne4 Qf5 22. Ka1 c5 23. Nd6 Qe6 24. Rd2 g6 25. Rhd1 Rd7 26. g4 Rhd8 27. g3 Bc6 28. b3 f5 29. gxf5 gxf5 30. Kb2 Qg6 31. Qf2 Qg4 32. Re1 h5 33. Rg1 Qg6 34. Qe3 Qe6 35. Qe2 Qg6 36. Rgd1 Kc7 37. Qe3 Qe6 38. Qc3 Kb8 39. a4 Kc7 40. b4 Bxa4 41. bxc5 Bxd1 42. cxb6+ Kxb6 43. Qb4+ Kc6 44. Rxd1 Rxd6 45. Rxd6+ Rxd6 46. Qa4+ Kd5 47. exd6 Qxd6 48. Qxa7 Qc5 49. Qxc5+ Kxc5 50. Kc2 Kd5 51. Kd2 Ke4 52. Ke2 Kd4 53. Kf2 Kd3 54. Ke1 Ke3 55. Kf1 Kf3 56. Kg1 Kxg3 57. Kf1 Kxf4 58. Kg1 Kg4 59. Kh2 f4 60. Kg2 1/2-1/2

[Event "Oskarja Memorial 10th"]
[Site "Chess.com INT"]
[Date "2021.01.16"]
[Round "6"]
[White "Subelj, Jan"]
[Black "Vukmirovic, Dusan"]
[Result "1-0"]
[WhiteElo "2238"]
[BlackElo "2107"]
[PlyCount "117"]
[EventDate "2021.01.16"]
[EventType "swiss (blitz)"]
[EventRounds "15"]
[EventCountry "SLO"]
[SourceTitle "CBM 200 Extra"]
[Source "ChessBase"]
[SourceDate "2021.03.31"]
[SourceVersion "1"]
[SourceVersionDate "2021.03.31"]
[SourceQuality "1"]

1. e4 c5 2. Nf3 Nc6 3. Bb5 Qc7 4. 0-0 g6 5. Nc3 e6 6. Bxc6 Qxc6 7. d4 Bg7 8. Bf4 a6 9. d5 Qb6 10. Na4 Qa7 11. dxe6 fxe6 12. Qd6 Nf6 13. Ng5 h6 14. Nf3 Nxe4 15. Qc7 b5 16. Nb6 Qxc7 17. Bxc7 Ra7 18. Bf4 0-0 19. a4 b4 20. Be5 d5 21. a5 Bd7 22. Rfe1 Bb5 23. Rad1 Raf7 24. Bxg7 Kxg7 25. Re3 g5 26. h3 h5 27. Rxe4 dxe4 28. Nxg5 Rf6 29. Nxe4 Rf5 30. f3 Bc6 31. Nd6 Re5 32. Kf2 Bd5 33. Nd7 Ref5 34. Nxf5+ Rxf5 35. Nxc5 Kf7 36. Nxa6 b3 37. cxb3 Bxb3 38. Rd7+ Kf6 39. Nc7 Rxa5 40. Ne8+ Ke5 41. Rh7 Bd5 42. Rxh5+ Kd4 43. Nf6 Rb5 44. Kg3 Rxb2 45. h4 Kc5 46. Rg5 Kd6 47. h5 Rb8 48. h6 Rh8 49. h7 Ke7 50. Rg8 Kxf6 51. Rxh8 Kg7 52. Rd8 Kxh7 53. Rxd5 exd5 54. Kf4 Kg6 55. Ke5 Kg5 56. Kxd5 Kf4 57. Kd4 Kg3 58. Ke5 Kxg2 59. f4 1-0

[Event "Oskarja Memorial 10th"]
[Site "Chess.com INT"]
[Date "2021.01.16"]
[Round "5"]
[White "Voglar, Peter"]
[Black "Vukmirovic, Dusan"]
[Result "0-1"]
[WhiteElo "2024"]
[BlackElo "2107"]
[PlyCount "124"]
[EventDate "2021.01.16"]
[EventType "swiss (blitz)"]
[EventRounds "15"]
[EventCountry "SLO"]
[SourceTitle "CBM 200 Extra"]
[Source "ChessBase"]
[SourceDate "2021.03.31"]
[SourceVersion "1"]
[SourceVersionDate "2021.03.31"]
[SourceQuality "1"]

1. c4 e5 2. g3 c6 3. Bg2 Nf6 4. d4 exd4 5. Qxd4 d6 6. Nf3 h6 7. Nc3 Be6 8. b3 Be7 9. 0-0 0-0 10. Rd1 Qc7 11. Bb2 Nbd7 12. h3 Nb6 13. e4 Rad8 14. g4 Nfd7 15. Qe3 Bf6 16. Rac1 Ne5 17. Ba3 Nxf3+ 18. Qxf3 Nc8 19. Qe3 b6 20. Ne2 Rfe8 21. f4 c5 22. Kh1 Bd7 23. Ng3 Bc6 24. Rc2 Ne7 25. Bb2 Bxb2 26. Rxb2 d5 27. cxd5 Nxd5 28. Qf2 Nxf4 29. Rxd8 Rxd8 30. Bf1 Qe5 31. Bg2 Nxg2 32. Qxg2 Rd3 33. Kh2 Re3 34. Re2 Qf4 35. Rxe3 Qxe3 36. Qc2 Qf3 37. Qg2 Qe3 38. Qc2 Kf8 39. Kg2 g6 40. Kh2 Qf3 41. Qg2 Qxg2+ 42. Kxg2 Ke7 43. Kf2 Ke6 44. Ke3 Ke5 45. h4 f6 46. a3 Bd7 47. g5 fxg5 48. hxg5 hxg5 49. b4 cxb4 50. axb4 a5 51. bxa5 bxa5 52. Ne2 Bc6 53. Nc3 a4 54. Kf3 a3 55. Kg4 Bxe4 56. Kxg5 Bf5 57. Kh4 Kd4 58. Nb5+ Ke5 59. Nxa3 Bd3 60. Kg5 Kd4 61. Nb5+ Kc5 62. Nc7 Kd6 0-1

[Event "SLO-chT1 East 29th"]
[Site "Slovenia"]
[Date "2019.10.20"]
[Round "9.1"]
[White "Vukmirovic, Dusan"]
[Black "Kovac, Mitja"]
[Result "1/2-1/2"]
[WhiteElo "2096"]
[BlackElo "2114"]
[PlyCount "38"]
[EventDate "2019.09.06"]
[EventType "team-tourn"]
[EventRounds "9"]
[EventCountry "SLO"]
[SourceTitle "CBM 192 Extra"]
[Source "Chessbase"]
[SourceDate "2019.11.06"]
[SourceVersion "1"]
[SourceVersionDate "2019.11.06"]
[SourceQuality "1"]
[WhiteTeam "Fram"]
[BlackTeam "Pomgrad Radenska II"]
[WhiteTeamCountry "SLO"]
[BlackTeamCountry "SLO"]

1. e4 c5 2. d4 cxd4 3. Nf3 e6 4. Nxd4 a6 5. c4 Qc7 6. Nc3 Nf6 7. a3 Nc6 8. Be3 Be7 9. Be2 0-0 10. 0-0 d6 11. f4 Nxd4 12. Bxd4 b6 13. Bd3 Bb7 14. Qe2 Rfe8 15. Rac1 Nd7 16. Ra1 Nf6 17. Rac1 Nd7 18. Ra1 Nf6 19. Rac1 Nd7 1/2-1/2

[Event "SLO-chT1 East"]
[Site "Slovenia"]
[Date "2019.09.21"]
[Round "5.1"]
[White "Vukmirovic, Dusan"]
[Black "Brinovec, Dusan"]
[Result "1-0"]
[WhiteElo "2096"]
[BlackElo "2276"]
[PlyCount "81"]
[EventDate "2019.09.06"]
[EventType "team-tourn"]
[EventRounds "9"]
[EventCountry "SLO"]
[SourceTitle "EXT 2020"]
[Source "ChessBase"]
[SourceDate "2019.10.17"]
[SourceVersion "1"]
[SourceVersionDate "2019.10.17"]
[SourceQuality "1"]
[WhiteTeam "Fram"]
[BlackTeam "Zalec"]
[WhiteTeamCountry "SLO"]
[BlackTeamCountry "SLO"]

1. e4 c6 2. d4 d5 3. Nc3 dxe4 4. Nxe4 Nd7 5. Bc4 e6 6. Nf3 Ngf6 7. Neg5 h6 8. Nh3 g5 9. Nfg1 c5 10. Ne2 a6 11. dxc5 Bxc5 12. 0-0 Qc7 13. Ng3 b5 14. Bd3 Bb7 15. Kh1 Ne5 16. f3 Rd8 17. Nf2 Nxd3 18. Nxd3 Bd6 19. Qe1 Qxc2 20. Ne5 Nd5 21. Nh5 Qf5 22. Ng7+ Kf8 23. Nxf5 exf5 24. Nd3 Kg7 25. Bd2 Rhe8 26. Qf2 f4 27. Nc5 Ba8 28. Ne4 Be5 29. Bc3 Nxc3 30. Nxc3 Bd4 31. Qc2 Be3 32. Rad1 Rc8 33. Qf5 Rc5 34. Nd5 Re6 35. Nxe3 Rxf5 36. Nxf5+ Kg6 37. Nd4 Rd6 38. Rd2 f6 39. Rfd1 h5 40. Kg1 g4 41. Ne2 1-0

[Event "SLO-chT2 East"]
[Site "Slovenia"]
[Date "2017.09.30"]
[Round "1"]
[White "Vukmirovic, Dusan"]
[Black "Bajc, Aleksander"]
[Result "0-1"]
[WhiteElo "2087"]
[BlackElo "1787"]
[PlyCount "100"]
[EventDate "2017.09.30"]
[EventType "team-tourn"]
[EventRounds "9"]
[EventCountry "SLO"]
[SourceTitle "EXT 2019"]
[Source "ChessBase"]
[SourceDate "2018.10.10"]
[SourceVersion "1"]
[SourceVersionDate "2018.10.10"]
[SourceQuality "1"]

1. e4 c6 2. d4 d5 3. Nc3 dxe4 4. Nxe4 Bf5 5. Ng3 Bg6 6. h4 h6 7. Nf3 Nd7 8. h5 Bh7 9. Bd3 Bxd3 10. Qxd3 e6 11. Bf4 Qa5+ 12. Bd2 Qc7 13. 0-0 Ngf6 14. Ne1 Bd6 15. f4 0-0-0 16. c4 Rhg8 17. Rf3 g5 18. hxg6 Rxg6 19. b4 h5 20. c5 Be7 21. f5 Ne5 22. Bf4 Nxf3+ 23. Qxf3 Qd7 24. Be5 Rg5 25. Qa3 a6 26. Nf3 Rg4 27. Qd3 Rdg8 28. fxe6 fxe6 29. Ne1 h4 30. Ne2 Nd5 31. Rb1 Bg5 32. Nc3 Be3+ 33. Kf1 Nxc3 34. Qxc3 Bxd4 35. Bxd4 Qxd4 36. Qxd4 Rxd4 37. Nf3 Rdg4 38. Rb2 h3 39. gxh3 Rg3 40. Rf2 Rxh3 41. Ne5 Rhg3 42. Rf7 R3g5 43. Nc4 Rf5+ 44. Rxf5 exf5 45. Kf2 Kc7 46. Nd6 Rg6 47. Nf7 Rg4 48. a3 a5 49. bxa5 Rc4 50. Ng5 Rxc5 0-1

[Event "SLO-chT1 East"]
[Site "Slovenia"]
[Date "2016.11.27"]
[Round "9"]
[White "Vukmirovic, Dusan"]
[Black "Spalir, Branko"]
[Result "1/2-1/2"]
[WhiteElo "2117"]
[BlackElo "2121"]
[PlyCount "88"]
[EventDate "2016.09.23"]
[EventType "team-tourn"]
[EventRounds "9"]
[EventCountry "SLO"]
[SourceTitle "EXT 2019"]
[Source "ChessBase"]
[SourceDate "2018.10.10"]
[SourceVersion "1"]
[SourceVersionDate "2018.10.10"]
[SourceQuality "1"]
[WhiteTeam "Fram"]
[BlackTeam "Slovenj Gradec"]
[WhiteTeamCountry "SLO"]
[BlackTeamCountry "SLO"]

1. e4 e5 2. Nf3 Nc6 3. Bb5 a6 4. Ba4 Nf6 5. 0-0 Be7 6. Re1 b5 7. Bb3 0-0 8. c3 d5 9. exd5 e4 10. dxc6 exf3 11. Qxf3 Bg4 12. Qg3 Re8 13. d4 Bd6 14. Rxe8+ Qxe8 15. Qe3 Qxc6 16. f3 Re8 17. Qf2 Bf5 18. Be3 Re7 19. Nd2 Qe8 20. Re1 c5 21. Nf1 c4 22. Bd1 Nd5 23. Bd2 Bb1 24. Rxe7 Qxe7 25. a3 Nf4 26. Bxf4 Bxf4 27. Bc2 Bxc2 28. Qxc2 Qe1 29. g3 Bc1 30. Kg2 g6 31. g4 Kf8 32. Ng3 Be3 33. Qe2 Qg1+ 34. Kh3 Bf4 35. Nf1 h6 36. d5 g5 37. a4 Qc5 38. axb5 axb5 39. Qd1 Qf2 40. Ng3 Bxg3 41. hxg3 Ke7 42. d6+ Kd7 43. Qd5 Qf1+ 44. Kh2 Qf2+ 1/2-1/2

[Event "SLO-chT1 East"]
[Site "Slovenia"]
[Date "2016.11.26"]
[Round "8"]
[White "Amon, Nejc"]
[Black "Vukmirovic, Dusan"]
[Result "1/2-1/2"]
[WhiteElo "2127"]
[BlackElo "2117"]
[PlyCount "159"]
[EventDate "2016.09.23"]
[EventType "team-tourn"]
[EventRounds "9"]
[EventCountry "SLO"]
[SourceTitle "EXT 2019"]
[Source "ChessBase"]
[SourceDate "2018.10.10"]
[SourceVersion "1"]
[SourceVersionDate "2018.10.10"]
[SourceQuality "1"]
[WhiteTeam "Sentjur"]
[BlackTeam "Fram"]
[WhiteTeamCountry "SLO"]
[BlackTeamCountry "SLO"]

1. e4 a6 2. d4 e6 3. Bd3 d5 4. Nd2 dxe4 5. Nxe4 Nd7 6. Nf3 Ngf6 7. Ng3 c5 8. 0-0 Be7 9. c3 Qc7 10. Re1 cxd4 11. Nxd4 Ne5 12. Bc2 Ng6 13. Ne4 0-0 14. Nxf6+ Bxf6 15. Nf3 Rd8 16. Qe2 Bd7 17. Bg5 Bb5 18. Qe3 Bxg5 19. Nxg5 Rd5 20. Be4 Re5 21. f4 Rxe4 22. Nxe4 Nxf4 23. Rad1 Bc6 24. Rd2 e5 25. c4 f6 26. Nc3 Qf7 27. Red1 Qxc4 28. b3 Qe6 29. Ne4 Qg4 30. Re1 h5 31. h3 Qg6 32. Kh2 h4 33. g3 hxg3+ 34. Nxg3 Re8 35. Rg1 Qh7 36. Ne2 Ne6 37. Nc3 Qh5 38. Nd5 Bxd5 39. Rxd5 Ng5 40. Rd7 Rc8 41. Rxg5 Qxg5 42. Qxg5 fxg5 43. Rxb7 Rc2+ 44. Kg3 Rxa2 45. Kg4 Rg2+ 46. Kf5 Kh7 47. Kxe5 Rf2 48. Rb6 a5 49. Rb5 Kg6 50. Ke4 Rf4+ 51. Ke3 Rb4 52. Rxa5 Rxb3+ 53. Kf2 Rxh3 54. Ra7 Rb3 55. Kg2 Kh6 56. Ra1 g4 57. Ra5 g6 58. Rc5 Rf3 59. Ra5 Rf5 60. Ra8 Kg5 61. Kg3 Rc5 62. Rb8 Rc3+ 63. Kg2 Rd3 64. Ra8 Re3 65. Rb8 Rh3 66. Ra8 Rh5 67. Kg3 Rh3+ 68. Kg2 Rb3 69. Rc8 g3 70. Rc5+ Kh4 71. Rc4+ Kh5 72. Rc5+ g5 73. Rc4 Re3 74. Ra4 Rd3 75. Rb4 Rd2+ 76. Kxg3 Rd3+ 77. Kg2 g4 78. Rb8 Rd5 79. Kg3 Rd3+ 80. Kg2 1/2-1/2

[Event "SLO-chT1 East"]
[Site "Slovenia"]
[Date "2016.11.12"]
[Round "5"]
[White "Vukmirovic, Dusan"]
[Black "Bender, Ivan"]
[Result "0-1"]
[WhiteElo "2117"]
[BlackElo "2164"]
[PlyCount "122"]
[EventDate "2016.09.23"]
[EventType "team-tourn"]
[EventRounds "9"]
[EventCountry "SLO"]
[SourceTitle "EXT 2019"]
[Source "ChessBase"]
[SourceDate "2018.10.10"]
[SourceVersion "1"]
[SourceVersionDate "2018.10.10"]
[SourceQuality "1"]
[WhiteTeam "Fram"]
[BlackTeam "Zagorje ob Savi"]
[WhiteTeamCountry "SLO"]
[BlackTeamCountry "SLO"]

1. e4 c5 2. Nf3 d6 3. d4 cxd4 4. Nxd4 Nf6 5. Bd3 e5 6. Ne2 Be7 7. c4 0-0 8. Nbc3 h6 9. 0-0 Re8 10. Ng3 Bf8 11. Be3 Be6 12. Qe2 Nbd7 13. Rfd1 a6 14. f3 Rc8 15. Rac1 Qc7 16. b3 Qb8 17. Nf1 Be7 18. g4 Bd8 19. Qf2 Ba5 20. Ng3 Bxg4 21. Kh1 Be6 22. Nf5 Bxf5 23. exf5 Bxc3 24. Rxc3 d5 25. Rg1 Kh7 26. Qg2 Rg8 27. Rcc1 e4 28. fxe4 dxe4 29. Be2 Qe5 30. Rcf1 Nc5 31. Qh3 Nd3 32. Rg2 Rc6 33. Qg3 Qxg3 34. hxg3 Nd7 35. Bd4 Rd6 36. Be3 f6 37. Kh2 N7e5 38. Rh1 Rgd8 39. Kh3 Nf3 40. Rf1 Nde5 41. g4 Rd3 42. Bxd3 Rxd3 43. Re2 Nd4 44. Rfe1 Nef3 45. Bxd4 Nxe1+ 46. Be3 Nc2 47. Rxc2 Rxe3+ 48. Kg2 h5 49. gxh5 Kh6 50. Kf1 Rf3+ 51. Ke1 Rxf5 52. c5 Kxh5 53. b4 Rf3 54. a4 Rb3 55. Rc4 f5 56. Kd2 Rd3+ 57. Kc2 Rd8 58. b5 axb5 59. axb5 e3 60. c6 e2 61. c7 Re8 0-1

[Event "SLO-chT1 East"]
[Site "Slovenia"]
[Date "2016.11.11"]
[Round "4"]
[White "Pesec, Franc"]
[Black "Vukmirovic, Dusan"]
[Result "1/2-1/2"]
[WhiteElo "2111"]
[BlackElo "2117"]
[PlyCount "110"]
[EventDate "2016.09.23"]
[EventType "team-tourn"]
[EventRounds "9"]
[EventCountry "SLO"]
[SourceTitle "EXT 2019"]
[Source "ChessBase"]
[SourceDate "2018.10.10"]
[SourceVersion "1"]
[SourceVersionDate "2018.10.10"]
[SourceQuality "1"]
[WhiteTeam "Celjski"]
[BlackTeam "Fram"]
[WhiteTeamCountry "SLO"]
[BlackTeamCountry "SLO"]

1. e4 c5 2. d4 cxd4 3. c3 dxc3 4. Nxc3 Nc6 5. Nf3 a6 6. Bc4 e6 7. 0-0 Qc7 8. Qe2 Nf6 9. e5 Ng4 10. Bf4 h5 11. h3 Nh6 12. Rac1 Nf5 13. Rfd1 Be7 14. Ne4 g6 15. Bg5 Bxg5 16. Nexg5 Qa5 17. Bb3 0-0 18. Qe4 Qb4 19. Rc4 Qe7 20. Qf4 f6 21. Ne4 fxe5 22. Nxe5 Nxe5 23. Qxe5 Qg7 24. Qxg7+ Kxg7 25. g4 hxg4 26. hxg4 Nh4 27. Nd6 Nf3+ 28. Kg2 b5 29. Rc7 Ne5 30. Bxe6 Kf6 31. Bd5 Rb8 32. Kg3 Ke7 33. Nxc8+ Rbxc8 34. Ra7 g5 35. Be4 Rc4 36. Bf5 Rcc8 37. Rxa6 Rf6 38. Rxf6 Kxf6 39. Bxd7 Rc2 40. Rd6+ Kf7 41. Rd5 Nxd7 42. Rxd7+ Ke6 43. Rd3 Rxb2 44. a3 Rb1 45. Kf3 Ke5 46. Re3+ Kd4 47. Re4+ Kd5 48. Rb4 Rxb4 49. axb4 Kc4 50. Ke2 Kxb4 51. f4 Kc3 52. fxg5 b4 53. g6 b3 54. g7 b2 55. g8Q b1Q 1/2-1/2

[Event "SLO-chT1 East"]
[Site "Slovenia"]
[Date "2016.09.25"]
[Round "3"]
[White "Vukmirovic, Dusan"]
[Black "Coklin, Marko"]
[Result "0-1"]
[WhiteElo "2117"]
[BlackElo "2218"]
[PlyCount "36"]
[EventDate "2016.09.23"]
[EventType "team-tourn"]
[EventRounds "9"]
[EventCountry "SLO"]
[SourceTitle "EXT 2019"]
[Source "ChessBase"]
[SourceDate "2018.10.10"]
[SourceVersion "1"]
[SourceVersionDate "2018.10.10"]
[SourceQuality "1"]
[WhiteTeam "Fram"]
[BlackTeam "Pomgrad Radenska II"]
[WhiteTeamCountry "SLO"]
[BlackTeamCountry "SLO"]

1. e4 c5 2. b3 Nc6 3. f4 Nf6 4. d3 g6 5. Bb2 Bg7 6. Nf3 0-0 7. g3 d5 8. e5 Ng4 9. Qe2 d4 10. h3 Ne3 11. Bc1 f6 12. Bxe3 dxe3 13. c3 fxe5 14. Bg2 exf4 15. 0-0 e5 16. Na3 Qa5 17. Nc4 Qxc3 18. Nd6 Rd8 0-1

[Event "SLO-chT1 East"]
[Site "Slovenia"]
[Date "2016.09.24"]
[Round "2"]
[White "Povse, Martin"]
[Black "Vukmirovic, Dusan"]
[Result "1/2-1/2"]
[WhiteElo "2040"]
[BlackElo "2117"]
[PlyCount "97"]
[EventDate "2016.09.23"]
[EventType "team-tourn"]
[EventRounds "9"]
[EventCountry "SLO"]
[SourceTitle "EXT 2019"]
[Source "ChessBase"]
[SourceDate "2018.10.10"]
[SourceVersion "1"]
[SourceVersionDate "2018.10.10"]
[SourceQuality "1"]
[WhiteTeam "Sevnica Majcen"]
[BlackTeam "Fram"]
[WhiteTeamCountry "SLO"]
[BlackTeamCountry "SLO"]

1. e4 e5 2. Nf3 Nc6 3. Bc4 Nf6 4. Nc3 Be7 5. a3 0-0 6. d4 exd4 7. Nxd4 Nxd4 8. Qxd4 d6 9. Bg5 a6 10. a4 b6 11. 0-0 Bb7 12. Rad1 h6 13. Bh4 Kh8 14. Bg3 Nh5 15. Nd5 Bxd5 16. Bxd5 Bf6 17. Qc4 Rb8 18. Qxa6 Bxb2 19. Qb5 Nxg3 20. fxg3 Bf6 21. Bc6 Be5 22. Rf5 Qe7 23. Qd3 Rbd8 24. Rdf1 f6 25. R5f3 Qf7 26. Rd1 Qe6 27. Qb3 Qg4 28. h3 Qc8 29. Rd5 f5 30. Rdd3 f4 31. gxf4 Bxf4 32. g3 Be5 33. Kg2 Qa6 34. Qd5 Qc8 35. Qc4 Rf6 36. Rxf6 Bxf6 37. Rf3 Rf8 38. Qd5 Be5 39. Rf7 Qd8 40. Qe6 Rg8 41. Qg6 Rf8 42. h4 Bd4 43. Bd5 Qe8 44. g4 Rxf7 45. Bxf7 Qxa4 46. Bb3 Qb5 47. Kg3 Be5+ 48. Kf2 Bd4+ 49. Kg3 1/2-1/2

[Event "SLO-chT2 East"]
[Site "Slovenia"]
[Date "2014.09.27"]
[Round "3"]
[White "Vukmirovic, Dusan"]
[Black "Jeromelj, Bozo"]
[Result "0-1"]
[WhiteElo "2112"]
[BlackElo "2023"]
[PlyCount "90"]
[EventDate "2014.09.13"]
[EventType "team-tourn"]
[EventRounds "9"]
[EventCountry "SLO"]
[SourceTitle "EXT 2019"]
[Source "ChessBase"]
[SourceDate "2018.10.10"]
[SourceVersion "1"]
[SourceVersionDate "2018.10.10"]
[SourceQuality "1"]
[WhiteTeam "Fram"]
[BlackTeam "Dravograd"]
[WhiteTeamCountry "SLO"]
[BlackTeamCountry "SLO"]

1. e4 e5 2. Nf3 Nc6 3. d4 exd4 4. Nxd4 Nf6 5. Nxc6 bxc6 6. Bd3 Bc5 7. e5 Nd5 8. 0-0 0-0 9. c4 Nb6 10. Nc3 Re8 11. Ne4 Be7 12. Qh5 g6 13. Qf3 d5 14. Nf6+ Bxf6 15. exf6 Re6 16. Bg5 h6 17. Bh4 g5 18. Bg3 Qxf6 19. Qh5 dxc4 20. Bc2 Qxb2 21. Rac1 Nd5 22. h4 Qg7 23. Bf5 Rf6 24. Bb1 Nf4 25. Qd1 Be6 26. h5 Bd5 27. f3 Re8 28. Bxf4 Rxf4 29. Qc2 Rf6 30. Rfe1 Ree6 31. Rxe6 Rxe6 32. Rd1 Qe5 33. Qh7+ Kf8 34. Be4 g4 35. Bxd5 cxd5 36. fxg4 d4 37. Rf1 Ke7 38. Qc2 Rc6 39. Qf2 Rf6 40. Qb2 c3 41. Qa3+ Qd6 42. Qb3 Rf4 43. Qc2 Rxg4 44. Qe2+ Qe6 45. Qf2 Re4 0-1

[Event "SLO-chT2 East"]
[Site "Slovenia"]
[Date "2013.11.16"]
[Round "6"]
[White "Vukmirovic, Dusan"]
[Black "Brinovec, Dusan"]
[Result "1-0"]
[WhiteElo "2123"]
[BlackElo "2233"]
[PlyCount "65"]
[EventDate "2013.09.07"]
[EventType "team-tourn"]
[EventRounds "9"]
[EventCountry "SLO"]
[SourceTitle "EXT 2015"]
[Source "ChessBase"]
[SourceDate "2014.11.20"]
[SourceVersion "1"]
[SourceVersionDate "2014.11.20"]
[SourceQuality "1"]

1. d4 d5 2. c4 e6 3. Nc3 Nf6 4. Bf4 Be7 5. h3 0-0 6. Nf3 c5 7. e3 cxd4 8. Nxd4 b6 9. Bxb8 Rxb8 10. Nc6 Qc7 11. Nxb8 Qxb8 12. cxd5 exd5 13. Be2 Qe5 14. Bf3 Rd8 15. Qd4 Qg5 16. Rd1 Be6 17. a3 Bc5 18. Qf4 Qg6 19. Qc7 Ra8 20. Qb7 Re8 21. b4 Bxe3 22. fxe3 Bc8 23. Qc7 Rxe3+ 24. Kf2 Re8 25. Rhe1 Be6 26. Nxd5 Nxd5 27. Rxd5 h6 28. Rd8 Rxd8 29. Qxd8+ Kh7 30. Qd4 Qg5 31. Kg1 Bxh3 32. Qe4+ Bf5 33. Qxf5+ 1-0

[Event "SLO-chT2 East"]
[Site "Slovenia"]
[Date "2013.09.09"]
[Round "1"]
[White "Vukmirovic, Dusan"]
[Black "Vrabic, Anita"]
[Result "1-0"]
[WhiteElo "2123"]
[BlackElo "2074"]
[PlyCount "135"]
[EventDate "2013.09.07"]
[EventType "team-tourn"]
[EventRounds "9"]
[EventCountry "SLO"]
[SourceTitle "EXT 2015"]
[Source "ChessBase"]
[SourceDate "2014.11.20"]
[SourceVersion "1"]
[SourceVersionDate "2014.11.20"]
[SourceQuality "1"]

1. e4 c5 2. g3 Nc6 3. Bg2 e6 4. d3 d5 5. Nc3 Nf6 6. exd5 Nxd5 7. Nge2 Be7 8. Nxd5 exd5 9. Nf4 d4 10. Nd5 Bd6 11. Qe2+ Kf8 12. 0-0 h5 13. Bf4 Bg4 14. Qe4 g6 15. h4 Bf5 16. Qe2 Bxf4 17. Nxf4 Qd6 18. Rae1 Bd7 19. Be4 Re8 20. Qf3 Kg7 21. Bd5 Ne5 22. Rxe5 Rxe5 23. Bxb7 Rhe8 24. Be4 Bg4 25. Qg2 a5 26. Kh2 Bf5 27. Bd5 Be6 28. Nxe6+ fxe6 29. Be4 c4 30. dxc4 Qb4 31. b3 Qd2 32. f3 Qe3 33. Qf2 Qc3 34. Rd1 Rd8 35. Rd3 Qb2 36. a4 Rc5 37. Qd2 Rc7 38. Bxg6 Kxg6 39. Qg5+ Kf7 40. Qxd8 Qxc2+ 41. Kg1 Qxd3 42. Qxc7+ Kg6 43. Qe5 Qxf3 44. Qxe6+ Kg7 45. Qd7+ Kg6 46. Qd6+ Kh7 47. Qxd4 Qxg3+ 48. Kh1 Qxb3 49. Qd7+ Kg6 50. Qe6+ Kg7 51. Qe5+ Kf8 52. Qf5+ Ke7 53. Qe4+ Kf6 54. c5 Qh3+ 55. Kg1 Qg3+ 56. Kf1 Qc3 57. c6 Qc5 58. Ke2 Kf7 59. Kf3 Qc3+ 60. Kf4 Qc1+ 61. Ke5 Qc3+ 62. Kd6 Qf6+ 63. Kc7 Kf8 64. Kc8 Qd6 65. Qf5+ Kg8 66. Qg5+ Kf7 67. Qxh5+ Ke7 68. Qxa5 1-0

[Event "Ptuj op 7th"]
[Site "Ptuj"]
[Date "2012.12.28"]
[Round "8"]
[White "Vukmirovic, Dusan"]
[Black "Cojhter, Karl"]
[Result "1-0"]
[WhiteElo "2101"]
[BlackElo "2061"]
[PlyCount "101"]
[EventDate "2012.12.22"]
[EventType "swiss"]
[EventRounds "9"]
[EventCountry "SLO"]
[SourceTitle "CBM 152 Extra"]
[Source "ChessBase"]
[SourceDate "2013.02.25"]
[SourceVersion "1"]
[SourceVersionDate "2013.02.25"]
[SourceQuality "1"]

1. e4 c6 2. d4 d5 3. Nc3 dxe4 4. Nxe4 Nd7 5. Be3 Qb6 6. Qc1 e5 7. Nf3 exd4 8. Nxd4 Ngf6 9. Nd2 Nd5 10. Nc4 Qc7 11. Be2 Ne5 12. 0-0 Nxc4 13. Bxc4 Bd6 14. Bxd5 cxd5 15. h3 a6 16. Nf3 0-0 17. Bd4 Bf5 18. Qg5 Bg6 19. c3 Rad8 20. Rfe1 Bf4 21. Be5 Bxe5 22. Qxe5 Qb6 23. Re2 Bd3 24. Qe3 Qxe3 25. Rxe3 Bf5 26. Nd4 Bd7 27. Re5 Bc6 28. Rae1 g6 29. Re7 Rc8 30. Nxc6 bxc6 31. Ra7 Ra8 32. Ree7 a5 33. Rxf7 Rxa7 34. Rxa7 Rb8 35. b3 Rb5 36. Re7 a4 37. Rc7 axb3 38. axb3 Rc5 39. b4 Rxc3 40. b5 Rb3 41. bxc6 Rc3 42. Kf1 Rc2 43. Ke1 d4 44. f4 h5 45. g4 hxg4 46. hxg4 d3 47. f5 gxf5 48. gxf5 Kf8 49. f6 Re2+ 50. Kd1 Ke8 51. Rh7 1-0